000 00771nam a22002897a 4500
001 0006695
003 KOHA_MİRAKIL
005 20260207001530.0
007 ta
008 090817b2000 tu |||gr||||#||||0|tur |
020 _a9751016266
040 _aTR-BiSEU
_btur
_cTR-BiSEU
_erda
041 0 _atur
044 _ctu
050 _aB53
_b.C68 2000
100 1 _aÇotuksöken, Betül.
245 1 _aFelsefi söylem nedir?/
_cBetül Çotuksöken ; Betül Çotuksöken.
264 1 _aİstanbul :
_bİnkılap
_c2000
300 _a161 sayfa
336 _ametin
_btxt
_2rdacontent
337 _aaracısız
_bn
_2rdamedia
338 _acilt
_bnc
_2rdacarrier
500 _aDizin var.
650 0 _aFelsefe.
_93265
650 0 _aPhilosophy.
_93266
942 _2lcc
_cBK
999 _c6676
_d6676